| 000 | 01495cem a2200409 4500 | ||
|---|---|---|---|
| 999 |
_c128816 _d128816 |
||
| 001 | 262513 | ||
| 003 | ARRUPE | ||
| 005 | 20190124104659.0 | ||
| 007 | ad canzn | ||
| 008 | 960410s1995 enk e eng | ||
| 010 | _a 96135984 | ||
| 020 | _a0140513213 | ||
| 034 | 0 | _aa | |
| 040 |
_aDLC _cDLC _dDLC |
||
| 050 | 0 | 0 |
_aSPC. G2446.S1 _bM34 1995 |
| 052 | _a8201 | ||
| 072 | 0 |
_aS1 _2lcg |
|
| 082 | 0 | 0 |
_a911/.6 _220 |
| 100 | 1 |
_aMcEvedy, Colin. _924447 |
|
| 245 | 1 | 4 |
_aThe Penguin atlas of African history / _cColin McEvedy. |
| 246 | 3 | 0 | _aAtlas of African history |
| 250 | _aNew ed., rev. ed. 1995. | ||
| 255 | _aScale not given. | ||
| 260 |
_aLondon ; _aNew York : _bPenguin Books, _c1995. |
||
| 300 |
_a1 atlas (144 p.) : _bill., col. maps ; _c21 cm. |
||
| 490 | 0 | _aPenguin reference books | |
| 500 | _a"Published simultaneously by Allan Lane"--T.p. verso. | ||
| 500 | _aIncludes index. | ||
| 651 | 0 |
_aAfrica _xHistorical geography _xMaps. _944151 |
|
| 856 | 4 | 2 |
_3Contributor biographical information _uhttp://www.loc.gov/catdir/enhancements/fy1207/96135984-b.html |
| 856 | 4 | 1 |
_3Table of contents only _uhttp://www.loc.gov/catdir/enhancements/fy1207/96135984-t.html |
| 856 | 4 | 2 |
_3Publisher description _uhttp://www.loc.gov/catdir/enhancements/fy1505/96135984-d.html |
| 906 |
_a7 _bcbc _corignew _d2 _encip _f19 _gy-geogmaps |
||
| 942 |
_2lcc _cSPC |
||